[Event "32nd Reykjavik Open 2017"]
[Site "Reykjavik"]
[Date "2017.04.25"]
[Round "8"]
[White "Thorfinnsson, Bragi"]
[Black "Shirov, Alexei"]
[Result "1/2-1/2"]
[WhiteElo "2457"]
[BlackElo "2693"]
[Annotator "TA"]
[PlyCount "131"]
[EventDate "2017.??.??"]
[EventType "swiss"]
[EventCountry "ISL"]
[SourceTitle "playchess.com"]
[Source "ChessBase"]
[SourceQuality "1"]

{[%evp 13,131,18,10,5,14,12,13,12,41,12,18,-8,-8,-9,-6,-21,-6,-12,-16,-29,-24,-36,-47,-74,-63,-61,-60,-91,-92,-82,-69,-68,-45,-33,-12,-25,-14,-49,-43,-35,-44,-38,-38,-33,-33,-22,-14,-68,0,-16,-12,-22,0,-6,-15,-64,0,0,0,0,0,-69,0,0,-36,-69,-72,-60,-65,-72,-61,-110,-115,-105,-108,-89,-15,-102,0,0,0,0,0,-45,-45,-45,-45,-45,-45,-45,-45,-45,-29,-30,-30,-92,-35,-92,-35,-35,-35,-35,-28,-35,-35,-39,-32,-391,-391,-391,-391,-391,-391,-391,-391,-391,-391,-391,-391,-391]} 1. d4 d5 2. Bf4 c5 3. e3 Nc6 4. c3 e6 5. Nf3 Bd6 {D02: 1 d4 d5 2 Nf3 sidelines, including 2...Nf6 3 g3 and 2...Nf6 3 Bf4} 6. Bg3 Bxg3 (6... Nf6 7. Nbd2 O-O 8. Bb5 Ne7 9. Bd3 Qb6 10. Rb1 Ng6 11. Bxg6 hxg6 12. Bxd6 Qxd6 13. Ne5 b6 14. Qf3 Ba6 15. h4 Nd7 16. Nxd7 Qxd7 {0-1 (38) Gelfand,B (2734)-Inarkiev,E (2730) Magas 2016}) 7. hxg3 Qb6 {LiveBook: 3 Games. The position is equal.} 8. Qb3 Nf6 9. Nbd2 O-O 10. Be2 Qc7 $146 (10... h6 11. O-O Nd7 12. Rfd1 Qc7 13. e4 cxd4 14. Nxd4 Nf6 15. Nb5 {1-0 (53) Delchev,A (2607)-Inkiov,V (2439) Sunny Beach 2015}) 11. Qa3 c4 12. b3 b5 13. O-O Bd7 14. Rfc1 a5 15. bxc4 bxc4 ({Of course not} 15... dxc4 $6 16. Qc5 $14) 16. Qc5 a4 17. Rab1 a3 18. Ne5 Rfc8 19. Nxc6 Bxc6 20. Bd1 Qd8 21. Qb6 Rc7 22. Bc2 Nd7 {[%cal Bf6d7,Bd7b8,Bb8c6,Bc6e7,Be7c8,Bc8d6][%mdl 32]} 23. Qb4 Nb8 {White should prevent ...Rb7.} 24. Qb6 $1 Be8 25. Nf3 Nc6 26. Ne5 Ne7 27. e4 $1 Nc8 28. Qb4 Nd6 29. exd5 exd5 30. Re1 f6 (30... Rb7 $15 31. Qc5 Rb2 32. Rxb2 axb2 33. Qxd5 Ra5) 31. Nf3 Qd7 32. g4 Bg6 33. Bxg6 hxg6 34. Nd2 $1 g5 (34... Rb7 $15 35. Qc5 Nb5) 35. f3 $11 Rb7 36. Qc5 Nb5 37. Re3 (37. Nf1 $1 $11) 37... Rc8 38. Qb4 Rcb8 $36 {[%mdl 2048] Black is more active.} 39. Qc5 Kh7 40. Kf2 Kg6 41. Kg1 Qd6 42. Rb4 ({Don't go for} 42. Rxb5 $2 Qf4 43. Nf1 Rxb5 44. Qxa3 Rb1 $19) 42... Qxc5 43. dxc5 Na7 44. Ra4 Nc6 (44... Rc8 $17 45. Rxa3 Rxc5) 45. Rxa3 {[#]} (45. Ra6 $1 $11 Rb2 46. Nxc4) 45... Rb5 (45... Ne5 $1 $17 {Strongly threatening ...Rb2.} 46. Nf1 (46. Ra6 Nd3 47. c6 Rb2 $15) 46... Rb1) 46. Ra6 Rxc5 47. Re6 Rc8 48. Rd6 Rc7 49. Nf1 {[#]} d4 $1 {[%mdl 512]} 50. cxd4 c3 $1 {[%cal Rc3c2]} 51. dxc5 c2 $1 52. Raxc6 Rxc6 53. Rxc6 c1=Q {[%mdl 4096] Endgame KQ-KRN} 54. Re6 (54. a4 $11) 54... Kf7 (54... Qxc5+ $17 55. Re3 Kf7) 55. Re4 (55. Re2 $15) 55... g6 (55... Qxc5+ $17 56. Kh2 g6) 56. Re2 $15 Qxc5+ 57. Ne3 f5 {White must now prevent ...f4.} 58. gxf5 gxf5 {Hoping for ...f4.} 59. Kf1 Kf6 60. Nxf5 $2 {[%mdl 8192]} ({White should play} 60. g3 $15) 60... Qxf5 {KQ-KR. Black is winning.} 61. Re4 Qb5+ 62. Kf2 Qb2+ 63. Kf1 Qxa2 64. Kg1 Kf5 65. Kf1 Qa7 66. Rg4 {[%mdl 32768] An unexpected result.} 1/2-1/2

[Event "32nd Reykjavik Open 2017"]
[Site "Reykjavik"]
[Date "2017.04.25"]
[Round "8"]
[White "Hambleton, Aman"]
[Black "Van Foreest, Jorden"]
[Result "1/2-1/2"]
[WhiteElo "2434"]
[BlackElo "2584"]
[Annotator "TA"]
[PlyCount "119"]
[EventDate "2017.??.??"]
[EventType "swiss"]
[EventCountry "ISL"]
[SourceTitle "playchess.com"]
[Source "ChessBase"]
[SourceQuality "1"]

{[%evp 23,119,8,20,6,6,12,19,4,7,0,0,0,0,-16,-16,-16,-16,-16,-11,-5,-6,-6,-6,-12,-13,-20,-24,-44,-42,-43,-55,-64,-70,-110,-52,-64,-45,-64,-35,-32,-45,-52,-51,-104,-94,-96,-100,-102,-104,-175,-147,-133,-135,-249,-168,-213,-220,-179,-168,-389,-382,-396,-399,-548,-371,-595,-595,-595,-595,-595,-595,-595,-595,-264,0,0,0,0,0,0,0,0,0,0,0,0,0,0,0,0,0,0,0,0,0,0,0,0]} 1. d4 Nf6 2. c4 g6 3. Nc3 Bg7 4. e4 d6 5. f3 O-O 6. Be3 e5 7. Nge2 c6 8. Qd2 exd4 9. Nxd4 d5 10. cxd5 cxd5 11. e5 Ne8 12. f4 f6 {LiveBook: 4 Games} 13. exf6 {E86: King's Indian: Sämisch: 6...e5 7 Nge2 c6} (13. e6 Nc6 14. f5 gxf5 15. Rd1 f4 16. Bxf4 f5 17. Bg5 Qb6 18. Be3 Nxd4 19. Bxd4 Bxd4 20. Qxd4 Nf6 21. Qxb6 axb6 {½-½ (45) Duliba,E (2543)-Standke,W (2526) ICCF email 2009}) 13... Nxf6 14. Be2 Nc6 15. O-O Re8 16. Kh1 Ng4 $146 (16... Bg4 17. Bxg4 Nxg4 18. Bg1 Nxh2 19. Bxh2 Nxd4 20. Rae1 Qd7 {0-1 (51) Kotov,A-Smyslov,V Moscow 1940}) 17. Bxg4 Bxg4 18. Bf2 Qf6 {[%cal Rc6d4]} 19. Nxd5 Qd8 20. Nf3 Bxf3 21. gxf3 Nd4 22. Nc3 Nxf3 23. Qxd8 Rexd8 24. Rfd1 (24. Rad1 $5 {creates asymmetry.} Nd2 25. Bh4 Rd4 26. Bf2 Rd3 27. Rfe1) 24... Nd4 25. Bxd4 Bxd4 26. Kg2 Rac8 27. Rab1 Bxc3 28. bxc3 $15 {[%mdl 4096] Endgame KRR-KRR} b6 (28... Rxd1 $17 29. Rxd1 Rxc3) 29. c4 Kf7 30. Kf3 Ke6 31. Rxd8 Rxd8 {KR-KR} 32. Ke3 Rc8 33. Rb4 (33. Kd4 $15) 33... Kd6 34. Kd4 Rf8 35. Ke4 Kc5 36. a3 (36. Rb2 $17 {was necessary.}) 36... Re8+ 37. Kd3 Rd8+ 38. Ke3 (38. Kc3 $17 {might work better.}) 38... Rd6 39. h4 a5 40. Rb1 Kxc4 41. h5 $2 (41. a4) 41... b5 $19 (41... gxh5 42. f5 $17) 42. Rc1+ Kb3 43. Rc7 gxh5 44. Rb7 $2 (44. Rc5 Rb6 45. Kd4) 44... b4 (44... Kxa3 45. Rxb5 a4 46. Rxh5 $17) 45. axb4 a4 (45... axb4 46. Rxh7 Kc3 47. Rxh5 $17) 46. Rxh7 {[#]} Rd5 $1 (46... Kxb4 47. Rxh5 a3 48. Rh1 $17) 47. Ke4 Rb5 48. f5 {[%cal Bf4f5,Bf5f6,Bf6f7][%mdl 32]} h4 $2 ({Worse is} 48... Kxb4 49. Rxh5 Rb8 50. Rh2 $11) (48... Rxb4+ $19 49. Kf3 h4) 49. f6 $11 {The position is equal.} a3 (49... Rxb4+ $5 50. Kf5 $8 Rb5+ 51. Ke6 a3 $11) 50. f7 $1 {[%cal Rf7f8]} Rb8 {Threatens to win with ...a2.} (50... a2 $5 51. f8=Q $8 a1=Q 52. Qg8+ Kxb4 53. Qf8+ Kb3 54. Qf7+ Kb4 55. Qf8+ Kb3 56. Qf7+ Kb4 57. Qe7+ Kc4 58. Qe6+ (58. Qxh4 $2 Re5+ 59. Kf3+ Kb5 $19) 58... Kb4 59. Qd6+ Kb3 60. Qd3+ Kb4 61. Qd4+ Qxd4+ 62. Kxd4 Ka5 $11) 51. Rxh4 a2 52. Rh1 Rf8 53. Kd5 Rxf7 54. b5 {[#]} Rh7 $1 {[%mdl 512]} (54... Rf5+ $5 55. Kc6 $8 Kb4 $11) 55. Ra1 (55. Rxh7 a1=Q) 55... Rh5+ 56. Kc6 Kb2 {[#]} 57. Rxa2+ $1 {[%mdl 512]} Kxa2 58. b6 Rh6+ 59. Kc7 Rxb6 60. Kxb6 1/2-1/2

[Event "32nd Reykjavik Open 2017"]
[Site "Reykjavik"]
[Date "2017.04.25"]
[Round "8"]
[White "Pfreundt, Jakob"]
[Black "Blomqvist, Erik"]
[Result "0-1"]
[WhiteElo "2392"]
[BlackElo "2548"]
[Annotator "TA"]
[PlyCount "76"]
[EventDate "2017.??.??"]
[EventType "swiss"]
[EventCountry "ISL"]
[SourceTitle "playchess.com"]
[Source "ChessBase"]
[SourceQuality "1"]

{[%evp 22,76,21,21,22,22,32,25,27,13,12,0,2,0,24,0,6,-16,-11,-26,-12,-16,0,-37,0,-15,0,0,0,-9,0,-54,-56,-56,-32,-34,0,0,0,-91,-51,-93,-60,-141,-148,-488,-479,-670,-660,-1314,-514,-1308,-1308,-29990,-29991,-29991,-29992]} 1. d4 d5 2. c4 c6 3. cxd5 cxd5 4. Nc3 Nf6 5. Bf4 e6 6. e3 Bd6 7. Bxd6 Qxd6 8. Bd3 O-O 9. Nf3 Nc6 10. O-O Bd7 11. Rc1 Rac8 12. Qe2 Rfd8 {D13: Slav Defence: Exchange variation without ...Bf5} (12... a6 13. a3 Rc7 14. Rc2 Rfc8 15. Rfc1 Ne7 16. Na2 Ng6 17. Rxc7 Rxc7 18. Rxc7 Qxc7 19. Qc2 Qxc2 20. Bxc2 {½-½ (31) Laylo,D (2500)-Antonio,R (2503) Quezon City 2014}) 13. Rfd1 Be8 14. h3 h6 {White has an edge.} 15. Re1 $146 (15. Bb1) 15... a6 16. Rcd1 Qe7 17. Rc1 Qd6 18. Rcd1 Rc7 19. e4 dxe4 20. Nxe4 Qe7 21. Bb1 {Nxf6+ is the strong threat.} Kf8 22. Rd2 Nxe4 23. Qxe4 {And now Qh7 would win.} Rcd7 24. Red1 Qf6 25. a3 Rd6 26. Ba2 ({White should play} 26. Ne5 $11) 26... Ne7 $15 27. Ne5 Bc6 28. Nxc6 Nxc6 29. d5 exd5 30. Qh7 (30. Rxd5 $11 Rxd5 31. Bxd5) 30... Ne7 31. Re1 Re6 32. Red1 {[#]} (32. Rf1 $15) 32... Ng6 $1 $36 {[%mdl 2048] Threatens to win with ...Ke7. White is under strong pressure.} 33. Rc1 $2 {[%mdl 8192]} (33. Bb1 $17 {is tougher.}) 33... Qg5 $19 34. Rdc2 Rde8 {( -> ...Re1+)} (34... Nf4 $2 35. g3 Nxh3+ 36. Kf1 $19) 35. Kh2 Rc6 (35... Qf4+ $142 36. g3 Qf3 37. Bxd5 Qxd5) 36. g3 {[#]} (36. Rxc6 $142 bxc6 37. Rf1) 36... Qf5 $1 {[%mdl 512]} 37. Bb1 Rxc2 38. Rxc2 Qf3 0-1

[Event "32nd Reykjavik Open 2017"]
[Site "Reykjavik"]
[Date "2017.04.25"]
[Round "8"]
[White "Sarkar, Justin"]
[Black "Perelshteyn, Eugene"]
[Result "0-1"]
[WhiteElo "2390"]
[BlackElo "2509"]
[Annotator "TA"]
[PlyCount "46"]
[EventDate "2017.??.??"]
[EventType "swiss"]
[EventCountry "ISL"]
[SourceTitle "playchess.com"]
[Source "ChessBase"]
[SourceQuality "1"]

{[%evp 17,46,25,17,26,18,29,0,8,42,0,0,-58,-65,-181,-154,-175,-178,-475,-456,-661,-646,-921,-881,-872,-862,-1100,-1046,-1083,-1075,-29987,-29982]} 1. d4 d5 2. c4 dxc4 3. e4 b5 4. a4 c6 5. Nc3 {D20: Queen's Gambit Accepted: 3 e3 and 3 e4} a6 6. axb5 cxb5 7. Nxb5 axb5 8. Rxa8 Bb7 9. Ra1 (9. Ra2 e6 10. Ne2 Bxe4 11. b3 Nf6 12. bxc4 bxc4 {½-½ (45) Ding,L (2766)-Ponomariov,R (2712) Huaian 2016}) 9... e6 $1 {LiveBook: 38 Games} 10. f3 {Black must now prevent Ne2.} f5 11. exf5 Nc6 12. Ne2 Nge7 13. fxe6 {[#] Hoping for g3.} Nf5 $1 14. Bf4 $146 (14. d5 $11 Ne5 15. Ng3) (14. Kf2 Ncxd4 15. Nxd4 Bc5 16. Be3 Nxe3 17. Kxe3 O-O 18. Qd2 Qf6 19. Rd1 Rd8 {0-1 (19) Stopa,J (2463)-Pancevski,F (2497) Spoleto 2016}) 14... Bb4+ $15 15. Nc3 ({White should play} 15. Bd2 $1 $15 Bd6 16. h4 (16. d5 Ne5 17. Qb1 Nd3+ 18. Kd1 O-O $17)) 15... Ncxd4 $19 16. Be2 {[#]} Qb6 $1 17. Qd2 $2 (17. e7 {is a better defense.}) 17... O-O (17... Nxe6 18. Bb8 $17) (17... Qxe6 18. O-O $15) 18. Bd1 (18. Kf1 $142 Nb3 19. Qd1) 18... Nxe6 ({Not} 18... Qxe6+ 19. Kf1 $17) 19. Bg3 {intending Bf2.} Rd8 20. Bf2 Bc5 21. Qc2 Ned4 22. Bxd4 Nxd4 23. Qb1 Qh6 0-1

[Event "32nd Reykjavik Open 2017"]
[Site "Reykjavik"]
[Date "2017.04.25"]
[Round "8"]
[White "Pigott, John C"]
[Black "Bailet, Pierre"]
[Result "1/2-1/2"]
[WhiteElo "2381"]
[BlackElo "2510"]
[Annotator "TA"]
[PlyCount "115"]
[EventDate "2017.??.??"]
[EventType "swiss"]
[EventCountry "ISL"]
[SourceTitle "playchess.com"]
[Source "ChessBase"]
[SourceQuality "1"]

{[%evp 15,115,14,24,0,0,-3,4,0,0,0,0,0,0,0,0,-22,-13,-12,-10,-47,-54,-35,-44,-76,-37,-44,-50,-62,16,10,35,33,33,21,36,40,15,26,119,19,20,9,12,8,14,9,9,11,22,14,24,21,22,28,16,21,91,38,49,13,122,123,109,122,129,79,87,79,101,52,151,163,233,250,230,36,33,0,79,0,239,239,729,0,0,0,0,0,0,0,0,0,0,0,0,0,0,0,0,0,0,0]} 1. e4 e5 2. Nf3 Nc6 3. Bc4 Nf6 {[%cal Bg8f6,Bf6d5,Bd5f4][%mdl 32]} 4. d3 Be7 5. O-O O-O 6. a4 d5 7. exd5 Nxd5 8. Re1 {C55: Two Knights: 4 d3, 4 d4 exd4 5 e5 and Max Lange Attack} Bg4 {LiveBook: 10 Games} 9. a5 Bb4 $146 (9... Bf6 10. c3 a6 11. Nbd2 Nf4 {1-0 (39) Lagarde,M (2534)-Mancini,M (2209) Nimes 2014}) 10. Bd2 Bxd2 11. Nbxd2 Nf4 $1 12. h3 Bh5 13. Re3 Kh8 14. c3 f6 15. Ne4 b6 16. axb6 axb6 17. Ng3 Rxa1 18. Qxa1 Bg6 19. Bb5 Qd5 20. Qa4 Ne7 {White must now prevent ...Ra8.} 21. Bc4 Qd8 (21... Ra8 $15 22. Qd1 Qc6) 22. d4 $11 c6 23. Bf1 exd4 24. Nxd4 c5 25. Ne6 Nxe6 26. Rxe6 Nf5 (26... Bf7 $11 27. Re1 Qc7) 27. Nxf5 (27. Qb5 $16) 27... Bxf5 28. Re1 h6 29. Qf4 Bg6 30. Qg4 Kh7 31. Rd1 Qe7 32. Rd7 Qe1 33. h4 Qe5 34. Bd3 f5 $1 {[#] ( -> ...Qe1+)} (34... Qe1+ 35. Kh2 f5 36. Qg3 $16) 35. Qf3 Kh8 (35... Qe1+ $11 36. Kh2 Qe6) 36. h5 ({Better is} 36. g3 $16) 36... Qe8 37. Qb7 Bxh5 (37... Rf7 $1 $11 {remains equal.} 38. Rxf7 Bxf7) 38. Rxg7 $16 {White threatens Rh7+ and mate.} Bf7 39. Rg3 Qe6 40. Re3 $40 {[%mdl 128] White has strong attack.} Qf6 41. Re7 Kg8 42. Rc7 Qe6 {[#]} ({Black should play} 42... Rd8 $14 43. Rc8 f4) 43. Rc6 $1 {[%cal Rc6e6]} Qe1+ (43... Qd5 $142) 44. Bf1 $18 Rd8 {White should prevent ...Rd1.} 45. Rc8 $2 (45. Qxb6 $6 Rd1 46. Qb8+ Kh7) ({White should try} 45. Rf6 $18 Qe8 46. Qxb6) 45... Qe8 $1 $14 46. Rc7 Qe6 (46... Rd1 $11 47. Rc8 (47. Qxb6 $2 Bc4 48. Rc8 Rxf1+ $19) (47. Qf3 Qe1 48. Qg3+ Kf8 49. Rc8+ Be8 $11) 47... Rd8 48. Rxd8 Qxd8) 47. Rc6 $2 (47. Qf3 $16) 47... Qe1 $18 48. Rf6 (48. Qxb6 $6 Rd1 49. Qb8+ Kg7) 48... Bh5 $2 (48... Qe8 49. Qxb6 Rd1) 49. Rd6 $2 (49. Rxh6 $18 {Intending Qh7+ and mate.} Bf7 50. Qc7 (50. Rxb6 Rd1 51. Qc8+ Kg7 52. Qxf5 Qxf1+ 53. Kh2 Qh1+ 54. Kg3 Qh5 55. Qxh5 Bxh5 $14)) 49... Rxd6 $11 {The position is equal.} 50. Qb8+ Kf7 51. Qxd6 {Threatens to win with Qc7+.} Be2 52. Qd7+ Kf6 53. Qd8+ Kf7 54. Qc7+ Kf8 55. Qd8+ Kf7 56. Qd7+ Kf6 57. Qd6+ Kf7 58. Qd7+ 1/2-1/2

[Event "32nd Reykjavik Open 2017"]
[Site "Reykjavik"]
[Date "2017.04.25"]
[Round "8"]
[White "Guramishvili, Sopiko"]
[Black "Firat, Burak"]
[Result "0-1"]
[WhiteElo "2363"]
[BlackElo "2503"]
[Annotator "TA"]
[PlyCount "70"]
[EventDate "2017.??.??"]
[EventType "swiss"]
[EventCountry "ISL"]
[SourceTitle "playchess.com"]
[Source "ChessBase"]
[SourceQuality "1"]

{[%evp 12,70,45,25,26,20,35,12,39,47,45,35,87,19,24,22,53,38,45,0,11,0,-21,-76,-56,-140,-133,-145,-145,-122,-127,-223,-159,-162,-151,-310,-164,-152,-144,-165,-123,-135,-132,-216,-200,-339,-320,-394,-396,-384,-377,-426,-428,-431,-406,-647,-638,-1680,-1316,-29996,-29997]} 1. d4 Nf6 2. c4 e6 3. Nc3 Bb4 4. e3 Bxc3+ 5. bxc3 d6 6. Bd3 e5 {E40: Nimzo-Indian: Rubinstein (4 e3): Unusual Black 4th moves} 7. Ne2 {LiveBook: 5 Games} e4 8. Bc2 Bg4 $146 {The position is equal.} (8... Be6 9. Ng3 Bxc4 10. Nxe4 Nxe4 11. Bxe4 d5 12. Bd3 Bxd3 13. Qxd3 O-O 14. O-O {½-½ (38) Kulaots,K (2556)-Sulskis,S (2557) Tallinn 2015}) 9. Ba3 (9. h3 $5 {is more complex.} Be6 10. Bb3 O-O 11. Ng3 Re8 12. Ba3) 9... Bxe2 10. Qxe2 Nbd7 11. Rb1 c5 (11... Rb8 $14) 12. f3 ({White should play} 12. Rxb7 $16 Qa5 13. Bb2) 12... Qa5 13. Rb3 O-O 14. fxe4 Rae8 15. O-O Nxe4 16. Rf4 Ndf6 (16... Nxc3 $2 17. Qd2 $18 (17. Qd3 Ne4 $11)) 17. Qd3 (17. g4 $11) 17... Re6 18. h4 ({Better is} 18. Bc1 $15) 18... h5 $17 19. Bc1 Qc7 ({But not} 19... Qxa2 $2 20. Ra3 (20. Rxb7 Rfe8 $15) 20... Qxa3 21. Bxa3 $18) 20. Bd1 Rfe8 21. Ra3 (21. Bf3 $17) 21... a6 22. Bf3 R8e7 23. Bd1 $2 {[#]} (23. Ra4 $17) 23... g6 (23... d5 $142 {Strongly threatening ...cxd4.} 24. Bf3 dxc4 25. Qxc4 cxd4 26. Qxc7 Rxc7 27. exd4 Nxc3) 24. Bf3 $19 Kg7 25. Qc2 Qc8 26. Rb3 Ng3 27. d5 (27. Qd3 $17) 27... Re5 28. Rxf6 (28. Rb1 $142) 28... Kxf6 29. Qf2 Nf5 30. e4 Rxe4 {[#] And now ...Re1+ would win.} 31. Bxe4 Rxe4 32. Bg5+ Kg7 33. Qb2 (33. Rb6 $142) 33... Qe8 34. Rxb7 Re2 35. Qb6 Re1+ 0-1

[Event "32nd Reykjavik Open 2017"]
[Site "Reykjavik"]
[Date "2017.04.25"]
[Round "8"]
[White "Kavutskiy, Konstantin"]
[Black "Panchanathan, Magesh Chandran"]
[Result "1/2-1/2"]
[WhiteElo "2347"]
[BlackElo "2494"]
[Annotator "TA"]
[PlyCount "98"]
[EventDate "2017.??.??"]
[EventType "swiss"]
[EventCountry "ISL"]
[SourceTitle "playchess.com"]
[Source "ChessBase"]
[SourceQuality "1"]

{[%evp 15,98,37,29,16,18,4,6,-7,0,-12,18,-16,6,-10,22,-18,14,6,6,-11,0,-21,32,37,35,16,20,13,11,-6,-5,-6,-5,-12,-13,-13,-13,-13,-20,-15,-12,-13,-11,-12,-12,-15,-4,-12,0,0,0,0,0,-21,0,-8,4,0,0,0,0,0,0,0,0,0,25,32,30,0,0,0,0,0,64,0,2,2,18,0,0,0,27,0,0]} 1. d4 Nf6 2. c4 e6 3. Nf3 b6 4. g3 Bb7 5. Bg2 Bb4+ 6. Bd2 a5 7. O-O O-O 8. Bf4 Be7 9. Re1 {E16: Queen's Indian: 4 g3 Bb7 5 Bg2 Bb4+} (9. Qc2 d5 10. Ne5 Qc8 11. Bg5 dxc4 12. Bxb7 Qxb7 13. Qxc4 c5 14. Nc3 cxd4 15. Qxd4 Nc6 16. Nxc6 Qxc6 17. Rac1 Rfd8 18. Qf4 Nh5 19. Qh4 Bxg5 20. Qxg5 Nf6 {½-½ (20) Tomashevsky,E (2724)-Rapport,R (2729) Germany 2017}) 9... d5 10. cxd5 Nxd5 11. Bd2 c5 12. Nc3 Nc6 13. Nxd5 $146 (13. e4 Nxc3 14. Bxc3 cxd4 15. Nxd4 Nxd4 16. Qxd4 Qxd4 17. Bxd4 {½-½ (16) Brodsky,M (2572)-Krivoruchko,Y Sochi 2008}) 13... exd5 14. Bc3 a4 15. Rc1 Qd6 16. Qd2 Rfd8 17. Red1 Qe6 18. e3 Ra7 ({Black should try} 18... c4 $11) 19. Ne1 $14 {[%cal Bf3e1,Be1d3,Bd3f4][%mdl 32]} cxd4 20. exd4 Ba6 21. Nd3 Bc4 22. Re1 Qg6 23. Nf4 Qd6 24. a3 Bg5 25. Qe3 Re7 26. Qf3 Bxf4 27. Qxf4 Qxf4 28. gxf4 Rde8 29. Rxe7 Rxe7 30. Bf3 Kf8 31. Kg2 Ke8 32. Bd1 b5 33. Bc2 h6 34. Kg3 Kd7 35. Rg1 g6 36. h4 Re2 37. Bd1 Re8 38. Bc2 Re2 39. Bd1 Re6 40. Bc2 f5 41. h5 Ne7 42. Kh4 gxh5 43. Kxh5 Re2 44. Bb1 Ke6 (44... Rxf2 $11 45. Kxh6 Rxf4) 45. Kxh6 (45. Re1 $1 $14) 45... Kf6 46. Rg2 Re6 47. Bb4 Re2 48. Bc3 Re6 49. Bb4 {[#] Threatens to win with Rg7.} Re2 1/2-1/2

[Event "32nd Reykjavik Open 2017"]
[Site "Reykjavik"]
[Date "2017.04.25"]
[Round "8"]
[White "Vaishali R"]
[Black "Kunte, Abhijit"]
[Result "0-1"]
[WhiteElo "2259"]
[BlackElo "2491"]
[Annotator "TA"]
[PlyCount "82"]
[EventDate "2017.??.??"]
[EventType "swiss"]
[EventCountry "ISL"]
[SourceTitle "playchess.com"]
[Source "ChessBase"]
[SourceQuality "1"]

{[%evp 24,82,0,-1,0,-14,0,0,50,38,58,66,60,47,38,0,0,0,25,-68,-39,-58,-26,-27,-37,-37,-33,-38,-57,-110,-110,-128,-48,-68,-5,-43,-38,-27,-11,-105,-100,-115,-110,-100,-104,-109,-100,-156,-159,-486,-507,-486,-491,-1499,-1308,-29989,-29990,-29990,-29988,-29992,-29993]} 1. e4 c5 2. Nf3 e6 3. d4 cxd4 4. Nxd4 a6 5. Nc3 b5 6. Bd3 Qb6 7. Nb3 Qc7 8. Be3 Nf6 {B43: Sicilian: Kan Variation: 5 Nc3} ({Relevant:} 8... Bb7 9. Qe2 Nf6 10. f3 d6 11. g4 Nc6 12. O-O-O Nd7 13. Qf2 Nce5 14. Kb1 Be7 15. g5 O-O 16. h4 {0-1 (38) Gonzalez Vidal,Y (2512)-Bruzon Batista,L (2641) La Roda 2010}) 9. O-O d6 10. f4 Nbd7 11. a3 Bb7 12. Qf3 Be7 13. Qh3 {LiveBook: 4 Games} h5 14. Kh1 g6 15. Rae1 Nc5 {[%cal Rc5e4]} 16. Bd4 $146 ({Predecessor:} 16. Nd2) 16... Ncd7 {[%cal Bc5d7,Bd7e5,Be5c4][%mdl 32]} 17. e5 dxe5 18. fxe5 Ng4 {[%cal Rd7e5]} 19. Be4 Bxe4 20. Nxe4 Ndxe5 (20... Qxc2 $2 21. Qf3 O-O 22. Rc1 Ndxe5 23. Rxc2 $18) 21. Qc3 (21. Qg3 $11 O-O-O 22. h3) 21... Nc4 $1 $15 {[%csl Gg4][%cal Rc7h2]} 22. Bg1 $1 O-O 23. h3 $1 {[%cal Rh3g4]} Nh6 24. Nf6+ Bxf6 $1 25. Qxf6 ({Don't go for} 25. Rxf6 $2 Nf5 26. Bc5 Rfd8 $17) 25... Qd8 ({Wrong is} 25... Nf5 $2 {[#]} 26. Rxf5 $1 {[%mdl 512]} Qd8 27. Bd4 Qxf6 28. Rxf6 $18) 26. Qc3 (26. Rxe6 $15 Qxf6 27. Rexf6) 26... Nf5 27. Nd4 Nxd4 (27... Rc8 $17 28. Nxf5 exf5) 28. Bxd4 {[#]} e5 $1 {[%mdl 512]} (28... Rc8 $15 29. Bf6 Qd5) 29. Bc5 {b3 is the strong threat.} (29. Bxe5 Nxe5) 29... Re8 $1 30. b3 Rc8 31. Rd1 (31. Qf3 $1 $11 f5 32. Bb4) 31... Qc7 $36 {[%mdl 2048] Black is really pushing.} 32. Bb4 a5 33. bxc4 axb4 34. Qxb4 bxc4 35. Rf6 (35. a4 $142) 35... e4 {[%cal Be5e4,Be4e3,Be3e2][%mdl 32] White must now prevent ...e3.} 36. Qb5 $2 (36. Qc3 $17) 36... e3 $19 37. Re1 Rcd8 (37... e2 $2 38. Qb6 $19) 38. Qg5 (38. Rff1 $142 e2 39. Rg1) 38... e2 39. Rf3 Rd1 {Black mates.} 40. Qh4 Qd8 41. Qf2 Rxe1+ 0-1

[Event "32nd Reykjavik Open 2017"]
[Site "Reykjavik"]
[Date "2017.04.26"]
[Round "9"]
[White "Andreikin, Dmitry"]
[Black "Nihal Sarin"]
[Result "1/2-1/2"]
[WhiteElo "2734"]
[BlackElo "2424"]
[Annotator "TA"]
[PlyCount "129"]
[EventDate "2017.??.??"]
[EventType "swiss"]
[EventCountry "ISL"]
[SourceTitle "playchess.com"]
[Source "ChessBase"]
[SourceQuality "1"]

{[%evp 35,129,0,14,0,0,0,0,0,0,0,0,0,6,0,0,0,0,0,0,0,12,9,9,0,0,0,9,9,9,0,0,0,10,12,12,12,0,0,0,0,0,0,0,0,0,0,0,0,17,17,17,17,17,17,17,17,34,34,34,34,34,34,34,34,34,0,34,34,34,34,34,34,34,34,34,34,34,0,34,34,34,0,0,0,0,0,0,0,0,0,0,0,0,0,0,0]} 1. e4 c6 2. c4 d5 3. cxd5 cxd5 4. exd5 Nf6 5. Nc3 Nxd5 6. Nf3 Nc6 7. d4 Bg4 8. Qb3 Bxf3 9. gxf3 e6 10. Qxb7 Nxd4 11. Bb5+ Nxb5 12. Qc6+ Ke7 13. Qxb5 Qd7 14. Nxd5+ Qxd5 15. Bg5+ f6 16. Qxd5 exd5 17. Be3 Ke6 18. O-O-O Bb4 19. Rhg1 {B13: Caro-Kann: Exchange Variation and Panov-Botvinnik Attack} (19. Kb1 Rhc8 20. a3 Bc5 21. Rhe1 Bxe3 22. Rxe3+ Kd6 23. Rde1 Rc4 24. h3 Rd8 25. Re6+ Kc7 26. Rc1 Rd6 {½-½ (38) Ivanchuk,V (2779)-Giri,A (2690) Monte Carlo 2011}) 19... g6 (19... Rhc8+ $5 20. Kb1 $8 g5 $14) 20. a3 Rhc8+ 21. Kb1 Bc5 22. Rge1 Bxe3 23. Rxe3+ $11 {[%mdl 4096] Endgame KRR-KRR} Kd6 24. Rde1 Rc4 25. Re6+ Kc5 26. Rxf6 $146 (26. b4+ Kb5 27. Rxf6 {½-½ (37) Konaplev,A (2252)-Zakharov,A (2295) Sochi 2015}) 26... Rh4 27. b4+ Kc4 28. Rc6+ Kd4 29. Kb2 Rxh2 30. Rc2 Rf8 31. Rd2+ Kc4 32. Rc2+ Kd4 $1 ({Don't go for} 32... Kb5 $2 33. Re6 Ka4 34. Ra6+ Kb5 35. Rac6 (35. Rxa7 Rxf3 36. Rd7 Ka4 $11) 35... Rxf2 36. R6c5+ Kb6 37. Rxf2 $18) 33. Rd2+ Kc4 34. Rc1+ Kb5 35. Rxd5+ Kb6 36. Rd6+ Kb7 37. Rd7+ Kb6 38. Rcd1 {[#] White threatens R1d6+ and mate.} Rxf2+ 39. Kb3 {Intending R1d6+ and mate.} R2xf3+ 40. Ka4 {[%cal Rd1d6]} R3f6 41. Rxh7 R8f7 42. Rxf7 Rxf7 {KR-KR} 43. Rd6+ Kb7 44. Rxg6 a6 45. Rg3 Kb6 46. Kb3 Rh7 47. a4 Kb7 48. Rg5 Kb6 49. Rg6+ Kb7 50. Kc4 Rc7+ 51. Kd5 Rh7 52. Re6 Rg7 53. Kd6 {[#] aiming for Re7+.} Kb6 54. Re5 Rg6+ 55. Kd5 {And now Re6+ would win.} Rg7 56. Re6+ Kb7 57. a5 Rg5+ 58. Re5 (58. Kc4 $5 {is interesting.} Rg4+ 59. Kc3 Rg1 60. Rb6+ Ka7 61. Kc4) 58... Rxe5+ {The position is equal.} 59. Kxe5 {KPP-KP} Kc6 60. Kd4 Kd6 61. b5 axb5 62. a6 {a7 would kill now.} Kc6 63. a7 Kb7 64. Kc5 Kxa7 65. Kxb5 1/2-1/2